Die huwelikswens (Record no. 424592)
[ view plain ]
| 000 -LEADER | |
|---|---|
| fixed length control field | 00244nam a2200097Ia 4500 |
| 082 ## - DEWEY DECIMAL CLASSIFICATION NUMBER | |
| Classification number | LP AF BLAK |
| 008 - FIXED-LENGTH DATA ELEMENTS--GENERAL INFORMATION | |
| fixed length control field | 210817s9999 xx 000 0 und d |
| 100 ## - MAIN ENTRY--PERSONAL NAME | |
| Personal name | BLAKE, Ally Parklands, 2005 |
| 245 #0 - TITLE STATEMENT | |
| Title | Die huwelikswens |
| 942 ## - ADDED ENTRY ELEMENTS | |
| item type | Books |
| Withdrawn status | Lost status | Source of classification or shelving scheme | Damaged status | Not for loan | Collection code | Home library | Current library | Shelving location | Date acquired | Total Checkouts | Full call number | Barcode | Date last seen | Price effective from | item type |
|---|---|---|---|---|---|---|---|---|---|---|---|---|---|---|---|
| Dewey Decimal Classification | Fiction | Volksrust | Volksrust | Fiction | 08.05.2026 | LP AF BLAK | 33228017436237 | 08.05.2026 | 08.05.2026 | Books |